000 00808nam a22002657a 4500
001 BR2016001399
003 BR-BrBNA
005 20230928104838.0
007 ta
008 230509b bl.||||| |||| 00| 0 por d
040 _aBR-BrBNA
_bpor
_cBiblioteca Nacional de Agricultura
041 _a(Por)
072 _aP07; E14
090 _ P07 BR2016001399
110 1 _aPetrobrás, RJ (Brasil). Unidade de Operações de Exploração e Produção do Rio de Janeiro
_97793
245 1 _aParceiros do mar: conheça as atividades da Petrobras na Bacia de Campos
260 3 _aRio de Janeiro, RJ (Brasil):
_c[nd].
300 _a23 p.
500 _aPublished 2009?; 16 illus
650 _aPETRÓLEO
650 _aPRODUÇÃO
650 _aPLATAFORMA
909 _a202309
_bLucia
_c55
_dLucia Elande
942 _cBK
999 _c82045
_d82045